|
|
|
|
| LEADER |
00000nam a22000007a 4500 |
| 005 |
20171123160137.0 |
| 007 |
cr|||| |||| |
| 008 |
171123s2017 bl |||||s|||| 00||0 por d |
| 020 |
|
|
|a 978-85-361-9214-7
|
| 035 |
|
|
|a 20922
|
| 040 |
|
|
|a vLex
|
| 090 |
|
|
|c 7247
|d 7247
|
| 100 |
1 |
|
|a Rodrigues de Freitas Jn︢ior, Antonio
|
| 245 |
1 |
0 |
|a Migraȯ̂, Trabalho e Direitos Humanos
|h [Recurso electrn̤ico] /
|c Antonio Rodrigues de Freitas Jn︢ior, Daniel Bertolucci Torres
|
| 256 |
|
|
|a Servicio en ln̕ea
|
| 260 |
|
|
|a Sô Paulo:
|b LTR,
|c 2017
|
| 300 |
|
|
|a 1 recurso electrn̤ico
|
| 506 |
1 |
|
|a Disponible solo en los productos indicados
|d vLex Global
|d vLex Global (Academic Edition, excluding Law Schools)
|d vLex Global (U.S. Academic Edition, Law Schools)
|d vLex Global (U.S. Academic Edition, excluding Law Schools)
|d vLex Global (Academic Edition, Law Schools)
|
| 650 |
0 |
4 |
|a Derecho Constitucional
|z Brasil
|
| 650 |
0 |
4 |
|a Derecho Laboral
|z Brasil
|
| 650 |
0 |
4 |
|a Seguridad Social
|z Brasil
|
| 700 |
1 |
|
|a Bertolucci Torres, Daniel
|
| 740 |
0 |
|
|a vLex Libros (Servicio en ln̕ea)
|
| 856 |
4 |
0 |
|u http://vlex.com/source/migra-o-trabalho-direitos-humanos-20922
|z Acceso restringido
|
| 942 |
|
|
|c BOOK
|
| 999 |
0 |
|
|a Constitutional law
|
| 999 |
0 |
|
|a Labor laws and legislation
|
| 999 |
0 |
|
|a Social security
|